000 00359nam a2200157Ia 4500
003 OSt
005 20240217135647.0
008 170524s9999 xx 000 0 und d
020 _a978-1259026713
040 _cIIMT UNIVERSITY
100 _aO Brien
245 0 _aMANAGEMENT INFORMATION SYSTEM
260 _bTMH New Delhi
260 _c2007
942 _2ddc
_c02
999 _c4752
_d4752